000 004100000a22001690004500
003 MACL
005 20151231165037.0
008 151231b xxu||||| |||| 00| 0 eng d
040 _aMACL
_cMACL
041 _aEnglish
082 _a330/CHA
100 _aChapman, S J
_925991
245 _aPolitical Economy
260 _bWilliams and Norgate
_aLondon
650 _aEconomics
_925992
942 _cBK
_k330/CHA
_2ddc
999 _c37744
_d37744